[Event "Warsaw Najdorf Memorial op-B 11th"]
[Site "Warsaw"]
[Date "2013.08.08"]
[Round "5"]
[White "Furmanski, Krystian"]
[Black "Wyszomirski, Krzysztof"]
[Result "0-1"]
[WhiteElo "1447"]
[BlackElo "1764"]
[PlyCount "46"]
[EventDate "2013.08.05"]
[EventType "swiss"]
[EventRounds "9"]
[EventCountry "POL"]
[SourceTitle "CBM 155 Extra"]
[Source "ChessBase"]
[SourceDate "2013.08.26"]
[SourceVersion "1"]
[SourceVersionDate "2013.08.26"]
[SourceQuality "1"]

1. e4 c5 2. Nf3 Nc6 3. d4 cxd4 4. Nxd4 e6 5. Nc3 a6 6. a3 Nf6 7. Be3 Qc7 8. g3 b5 9. Bg2 Bb7 10. Nb3 b4 11. Na4 bxa3 12. bxa3 Ne5 13. Nb6 Rb8 14. f3 h5 15. 0-0 h4 16. g4 h3 17. Bh1 Rh4 18. Rf2 Bc6 19. Bf4 Rxb6 20. Qd4 Bd6 21. Rd1 Nxf3+ 22. Rxf3 Bxf4 23. Rxf4 Qxf4 0-1

[Event "Warsaw Four Seasons op 2nd"]
[Site "Warsaw"]
[Date "2011.??.??"]
[Round "1"]
[White "Eggink, Ryszard"]
[Black "Furmanski, Krystian"]
[Result "1-0"]
[WhiteElo "1986"]
[BlackElo "1411"]
[PlyCount "59"]
[EventDate "2011.11.26"]
[EventType "swiss"]
[EventRounds "9"]
[EventCountry "POL"]
[SourceTitle "EXT 2014"]
[Source "ChessBase"]
[SourceDate "2013.11.20"]
[SourceVersion "1"]
[SourceVersionDate "2013.11.20"]
[SourceQuality "1"]

1. e4 c5 2. Nf3 d6 3. d4 cxd4 4. Nxd4 Nf6 5. Nc3 Nc6 6. Nb3 g6 7. Be3 Bg7 8. f3 a6 9. Qd2 Be6 10. Nd5 Nd7 11. 0-0-0 0-0 12. Bh6 f5 13. Bxg7 Kxg7 14. exf5 Rxf5 15. Ne3 Rf8 16. h4 h6 17. Nd4 Nxd4 18. Qxd4+ Nf6 19. g4 Qa5 20. h5 g5 21. Qd3 Bf7 22. Nf5+ Kh8 23. Nxe7 Qxa2 24. Qc3 Be8 25. Rxd6 Bc6 26. Rxf6 Qa1+ 27. Kd2 Rad8+ 28. Bd3 Rxd3+ 29. cxd3 Rxf6 30. Qxf6+ 1-0

[Event "Warsaw Four Seasons op 2nd"]
[Site "Warsaw"]
[Date "2011.??.??"]
[Round "6"]
[White "Furmanski, Krystian"]
[Black "Kaczmarska, Joanna"]
[Result "1-0"]
[WhiteElo "1411"]
[BlackElo "1491"]
[PlyCount "65"]
[EventDate "2011.11.26"]
[EventType "swiss"]
[EventRounds "9"]
[EventCountry "POL"]
[SourceTitle "EXT 2014"]
[Source "ChessBase"]
[SourceDate "2013.11.20"]
[SourceVersion "1"]
[SourceVersionDate "2013.11.20"]
[SourceQuality "1"]

1. e4 e5 2. Nf3 Nc6 3. Bb5 Nf6 4. Bxc6 dxc6 5. d3 Bg4 6. h3 Bxf3 7. Qxf3 Bb4+ 8. Bd2 Bxd2+ 9. Nxd2 b5 10. 0-0 Qd6 11. Qg3 0-0 12. Kh1 Rfe8 13. Qg5 h6 14. Qf5 Qb4 15. Nb3 a5 16. a3 Qd6 17. f4 exf4 18. Qxf4 Qe7 19. Rac1 c5 20. c4 a4 21. Nd2 b4 22. Rce1 Rad8 23. Re3 c6 24. e5 Nd7 25. Nf3 f6 26. e6 Nf8 27. Rfe1 Rd6 28. Qg3 bxa3 29. bxa3 Rxe6 30. Rxe6 Nxe6 31. Nh4 Qf7 32. Nf5 Nc7 33. Nxh6+ 1-0